| 000 | 00702nam a2200229 a 4500 | ||
|---|---|---|---|
| 999 |
_c9929 _d9929 |
||
| 001 | 9929 | ||
| 003 | BD-JhCC | ||
| 005 | 20180403130006.0 | ||
| 008 | 180217s1992 bg a|||| ||a| 000 0 ben d | ||
| 020 | _a9840735284 | ||
| 035 | _a(BD-JhCC)9929 | ||
| 040 |
_aBD-JhCC _dBD-JhCC |
||
| 041 | _aben | ||
| 082 |
_a589.2 _bASR 1992 |
||
| 100 | _aআশরাফউজ্জামান, ড. হাসান | ||
| 245 |
_aছত্রাকতত্ত্ব / _cড. হাসান আশরাফউজ্জামান |
||
| 260 |
_aঢাকা : _bবাংলা একাডেমী, _c2008. |
||
| 300 |
_a188 p. : _c21 cm. |
||
| 650 | _aFungi | ||
| 942 |
_2ddc _cBK |
||